<?xml version="1.0" encoding="UTF-8"?>
<record
    xmlns:xsi="http://www.w3.org/2001/XMLSchema-instance"
    xsi:schemaLocation="http://www.loc.gov/MARC21/slim http://www.loc.gov/standards/marcxml/schema/MARC21slim.xsd"
    xmlns="http://www.loc.gov/MARC21/slim">

  <leader>00920nam a2200169 a 4500</leader>
  <controlfield tag="008">120416s1970    xx |||||||||||||| ||    u</controlfield>
  <datafield tag="050" ind1=" " ind2=" ">
    <subfield code="a">NA 9050 Smi</subfield>
  </datafield>
  <datafield tag="100" ind1=" " ind2=" ">
    <subfield code="a">Smith, Herbert H</subfield>
  </datafield>
  <datafield tag="245" ind1="1" ind2="0">
    <subfield code="a">The citizen's guide to planning</subfield>
  </datafield>
  <datafield tag="250" ind1=" " ind2=" ">
    <subfield code="a">rev. ed.</subfield>
  </datafield>
  <datafield tag="260" ind1=" " ind2=" ">
    <subfield code="c">[1970]</subfield>
  </datafield>
  <datafield tag="350" ind1=" " ind2=" ">
    <subfield code="a">0.00</subfield>
  </datafield>
  <datafield tag="995" ind1=" " ind2=" ">
    <subfield code="a">MAIN LIBRARY OPEN ACCESS</subfield>
    <subfield code="D">0.00</subfield>
    <subfield code="e">725576</subfield>
    <subfield code="F">CBU-MAIN LIBRARY (Kitwe)</subfield>
    <subfield code="H">2</subfield>
    <subfield code="I">12.50</subfield>
    <subfield code="j">NA 9050 Smi</subfield>
    <subfield code="U">AVAILABLE</subfield>
    <subfield code="y">010668</subfield>
    <subfield code="Z">Main Library Open Access Collection</subfield>
  </datafield>
  <datafield tag="995" ind1=" " ind2=" ">
    <subfield code="a">MAIN LIBRARY OPEN ACCESS</subfield>
    <subfield code="D">0.00</subfield>
    <subfield code="e">725579</subfield>
    <subfield code="F">CBU-MAIN LIBRARY (Kitwe)</subfield>
    <subfield code="H">4</subfield>
    <subfield code="I">12.50</subfield>
    <subfield code="j">NA 9050 Smi</subfield>
    <subfield code="U">AVAILABLE</subfield>
    <subfield code="y">010665</subfield>
    <subfield code="Z">Main Library Open Access Collection</subfield>
  </datafield>
  <datafield tag="995" ind1=" " ind2=" ">
    <subfield code="a">ANNEX COLLECTION (Main Library)</subfield>
    <subfield code="D">0.00</subfield>
    <subfield code="e">725578</subfield>
    <subfield code="F">CBU-MAIN LIBRARY (Kitwe)</subfield>
    <subfield code="H">3</subfield>
    <subfield code="I">12.50</subfield>
    <subfield code="j">NA 9050 Smi</subfield>
    <subfield code="U">AVAILABLE</subfield>
    <subfield code="y">010666</subfield>
    <subfield code="Z">Annex Low-Usage Collection </subfield>
  </datafield>
  <datafield tag="995" ind1=" " ind2=" ">
    <subfield code="a">MAIN LIBRARY OPEN ACCESS</subfield>
    <subfield code="D">0.00</subfield>
    <subfield code="e">725577</subfield>
    <subfield code="F">CBU-MAIN LIBRARY (Kitwe)</subfield>
    <subfield code="H">1</subfield>
    <subfield code="I">12.50</subfield>
    <subfield code="j">NA 9050 Smi</subfield>
    <subfield code="U">LOST</subfield>
    <subfield code="y">010667</subfield>
    <subfield code="Z">Main Library Open Access Collection</subfield>
  </datafield>
  <datafield tag="999" ind1=" " ind2=" ">
    <subfield code="c">79350</subfield>
    <subfield code="d">79350</subfield>
  </datafield>
  <datafield tag="952" ind1=" " ind2=" ">
    <subfield code="0">0</subfield>
    <subfield code="1">0</subfield>
    <subfield code="2">lcc</subfield>
    <subfield code="4">0</subfield>
    <subfield code="7">0</subfield>
    <subfield code="a">001</subfield>
    <subfield code="b">001</subfield>
    <subfield code="c">Main Library Open Access Collection</subfield>
    <subfield code="d">2023-06-16</subfield>
    <subfield code="l">0</subfield>
    <subfield code="o">NA 9050 Smi</subfield>
    <subfield code="p">010668</subfield>
    <subfield code="r">2023-06-16</subfield>
    <subfield code="t">1</subfield>
    <subfield code="w">2023-06-16</subfield>
    <subfield code="y">002</subfield>
  </datafield>
  <datafield tag="952" ind1=" " ind2=" ">
    <subfield code="0">0</subfield>
    <subfield code="1">0</subfield>
    <subfield code="2">lcc</subfield>
    <subfield code="4">0</subfield>
    <subfield code="7">0</subfield>
    <subfield code="a">001</subfield>
    <subfield code="b">001</subfield>
    <subfield code="c">Main Library Open Access Collection</subfield>
    <subfield code="d">2023-06-16</subfield>
    <subfield code="l">0</subfield>
    <subfield code="o">NA 9050 Smi</subfield>
    <subfield code="p">010665</subfield>
    <subfield code="r">2023-06-16</subfield>
    <subfield code="t">2</subfield>
    <subfield code="w">2023-06-16</subfield>
    <subfield code="y">002</subfield>
  </datafield>
  <datafield tag="952" ind1=" " ind2=" ">
    <subfield code="0">0</subfield>
    <subfield code="1">0</subfield>
    <subfield code="2">lcc</subfield>
    <subfield code="4">0</subfield>
    <subfield code="7">0</subfield>
    <subfield code="a">001</subfield>
    <subfield code="b">001</subfield>
    <subfield code="c">Annex Low-Usage Collection</subfield>
    <subfield code="d">2023-06-16</subfield>
    <subfield code="l">0</subfield>
    <subfield code="o">NA 9050 Smi</subfield>
    <subfield code="p">010666</subfield>
    <subfield code="r">2023-06-16</subfield>
    <subfield code="t">3</subfield>
    <subfield code="w">2023-06-16</subfield>
    <subfield code="y">002</subfield>
  </datafield>
  <datafield tag="952" ind1=" " ind2=" ">
    <subfield code="0">0</subfield>
    <subfield code="1">0</subfield>
    <subfield code="2">lcc</subfield>
    <subfield code="4">0</subfield>
    <subfield code="7">0</subfield>
    <subfield code="a">001</subfield>
    <subfield code="b">001</subfield>
    <subfield code="c">Main Library Open Access Collection</subfield>
    <subfield code="d">2023-06-16</subfield>
    <subfield code="l">0</subfield>
    <subfield code="o">NA 9050 Smi</subfield>
    <subfield code="p">010667</subfield>
    <subfield code="r">2023-06-16</subfield>
    <subfield code="t">4</subfield>
    <subfield code="w">2023-06-16</subfield>
    <subfield code="y">002</subfield>
  </datafield>
</record>
